LDR 01266nam a2200253 i 4500 001 000000074022 003 CaOOAMICUS 005 20260423165019.0 008 070410s1928 it u000 u ita u 040 $aSeMil$bita 100 1 $aUlloa CalĂ , Pietro,$d<1801-1879>.$0(OLS)http://semarc/name/36741 245 13$aUn re in esilio :$bla corte di Francesco 2. a Roma dal 1861 al 1870 /$cPietro C. Ulloa ; memorie e diario inediti pubblicati con introduzione e note da Gino Doria. 264 1$aBari :$bLaterza & Figli,$c1928. 300 $aXL, 248 p. ;$c21 cm. 490 1 $aBiblioteca di cultura moderna 600 04$aFrancesco II : delle Due Sicilie
.$0(OLS)http://semarc/subject/60091 650 4$aRegno delle Due Sicilie <1816-1861>.$0(OLS)http://semarc/subject/15107 700 1 $aDoria, Gino.$0(OLS)http://semarc/name/36742 830 0$aBiblioteca di cultura moderna.$0(OLS)http://semarc/title/639 850 $aSeMil 852 $aSeMil$W1$xVenegono$y1$m3U I 738$j270821$B40174$CSeMilBibl$Z2$F40178 $81 996 $6245$aUn re in esilio :$bla corte di Francesco 2. a Roma dal 1861 al 1870$9(OLS)http://semarc/title/120096 996 $6264$aBari :$bLaterza & Figli$9(OLS)http://semarc/publisher/29663